| 000 | 01042nam2a2200241 4500 | ||
|---|---|---|---|
| 001 | RU\NLR\BIBL_A\011705933 | ||
| 005 | 20250128194045.0 | ||
| 010 |
_a978-5-295-06829-4 _b(т. 4) _91500 |
||
| 021 |
_aRU _bКН-П-18-021910 _9КН-П-18-1594 |
||
| 035 | _a(NLR Aleph) 011705933 | ||
| 090 |
_a13416940 _c13416940 |
||
| 100 | _a20180517d2018 m y0rusy50 ca | ||
| 101 | 0 | _abak | |
| 102 | _aRU | ||
| 105 | _ay z 000 y | ||
| 200 | 1 |
_a[Мәҡәләләр, иҫтәлектәр, пьесалар] _fтөз. А. И. Әбделнәғимов |
|
| 210 | _d2018 | ||
| 215 |
_a429,[2] б. _cпортр. |
||
| 461 | 0 |
_1001RU\NLR\bibl\1308106 _12001#$aИзбранные произведения$e[в 3 т.]$fНазар Наджми$vТ. 4 _1700#1$3RU\NLR\AUTH\77508$aНаджми$bН.$f1918-1999$gНазар$4070 _9899796 _aНаджми, Н. (1918-1999) _cУфа _d2008 _fНазар Наджми _nКитап _o[в 3 т.] _tИзбранные произведения _vТ. 4 |
|
| 852 |
_aNLR _bОНЛ _jБашк./3-5082 |
||
| 942 | _cBOOK | ||
| 980 | _aNB | ||